[Event "Gibtelecom Masters"]
[Site "Gibraltar ENG"]
[Date "2006.01.29"]
[Round "6"]
[White "Giacopelli,V"]
[Black "Elamri,L"]
[Result "1/2-1/2"]
[WhiteElo "2102"]
[BlackElo "1921"]
[EventDate "2006.01.24"]

1. b3 Nf6 2. Bb2 g6 3. Bxf6 exf6 4. c4 Bg7 5. Nc3 d6 6. g3 Bd7 7. Bg2 Nc6
8. Nf3 Qc8 9. d4 Bh3 10. O-O Bxg2 11. Kxg2 Ne7 12. Rc1 O-O 13. Qd3 f5 14.
e3 h6 15. h4 Kh8 16. b4 c6 17. b5 Qd7 18. Rc2 Ng8 19. Rb1 Rab8 20. bxc6
bxc6 21. Rcb2 Qc7 22. Rxb8 Rxb8 23. Rxb8 Qxb8 24. Qb1 Qxb1 25. Nxb1 Ne7 26.
Kf1 Kg8 27. Ke2 Kf8 28. Kd3 Ke8 29. Nc3 Kd7 30. Nd2 Ng8 31. Na4 Nf6 32. f3
Nh5 33. Nf1 Nf6 34. Nd2 Nh5 35. Nf1 Nf6 36. Nc3 Bf8 37. Ke2 Be7 38. Kd3 Bd8
39. d5 c5 40. Nb5 Bb6 41. Nd2 Nh5 42. Nf1 Nf6 43. Nd2 Nh5 44. Nf1 a6 45.
Na3 Ke7 46. Nb1 Nf6 47. Ke2 Nd7 48. Nfd2 Ne5 49. f4 Ng4 50. Kf3 Nf6 51. e4
fxe4+ 52. Nxe4 Nxe4 53. Kxe4 f5+ 54. Kf3 h5 55. Na3 Bd8 56. Nc2 Kd7 57. Ke2
Kc7 58. Kd3 Bf6 59. Ke3 Kb6 60. Kd3 Ka5 61. Ke2 Ka4 62. Kf3 1/2-1/2

[Event "Gibtelecom Masters"]
[Site "Gibraltar ENG"]
[Date "2006.01.29"]
[Round "6"]
[White "Phillips,G"]
[Black "Obers,F"]
[Result "1/2-1/2"]
[WhiteElo "1790"]
[BlackElo "2080"]
[EventDate "2006.01.24"]

1. e4 e6 2. f4 d5 3. exd5 exd5 4. d4 Nf6 5. Nf3 Bg4 6. Be2 Bd6 7. Ne5 Bxe2
8. Qxe2 O-O 9. O-O Nbd7 10. Nd2 c6 11. c3 Qe7 12. Ndf3 Ne4 13. Be3 Rae8 14.
Nxd7 Qxd7 15. Qd3 Re7 16. Rae1 f5 17. Re2 Rfe8 18. Rfe1 Qc7 19. Ne5 Rd8 20.
Bf2 Rf8 21. Bh4 Re6 22. Qf3 a6 23. Nd3 Rfe8 24. Bf2 Qf7 25. Ne5 Qc7 26. Bh4
Qb6 27. Nd3 a5 28. a3 a4 29. Bf2 Qc7 30. Bh4 1/2-1/2

[Event "Gibtelecom Masters"]
[Site "Gibraltar ENG"]
[Date "2006.01.30"]
[Round "7"]
[White "Arizmendi Martinez,J"]
[Black "Aaberg,A"]
[Result "1-0"]
[WhiteElo "2534"]
[BlackElo "2383"]
[EventDate "2006.01.24"]

1. e4 c6 2. d3 d5 3. Nd2 g6 4. Ngf3 Bg7 5. g3 e5 6. Bg2 Ne7 7. O-O O-O 8.
b4 a5 9. bxa5 Rxa5 10. Bb2 Nd7 11. Re1 d4 12. c3 c5 13. Nc4 Ra6 14. cxd4
cxd4 15. a4 Re8 16. Ba3 Qc7 17. Qb3 Bh6 18. Bh3 Rf6 19. Bxd7 Bxd7 20. Nfxe5
Bh3 21. Rab1 b6 22. Bd6 Qd8 23. Qxb6 Qxb6 24. Rxb6 Nc8 25. Bf8 Nxb6 26.
Bxh6 Nxa4 27. f4 Nc5 28. Ra1 Ra6 29. Rxa6 Nxa6 30. Nd6 Rb8 31. Nc6 Rb1+ 32.
Kf2 Be6 33. Ne7+ Kh8 34. Ne8 1-0

[Event "Gibtelecom Masters"]
[Site "Gibraltar ENG"]
[Date "2006.01.30"]
[Round "7"]
[White "Quillan,G"]
[Black "Sundararajan,K"]
[Result "1/2-1/2"]
[WhiteElo "2356"]
[BlackElo "2495"]
[EventDate "2006.01.24"]

1. e4 e5 2. Nf3 Nc6 3. Bb5 a6 4. Ba4 Nf6 5. O-O Nxe4 6. d4 b5 7. Bb3 d5 8.
dxe5 Be6 9. Nbd2 Nc5 10. c3 Be7 11. Bc2 Bg4 12. Re1 O-O 13. Nb3 Ne6 14. Qd3
g6 15. Bh6 Re8 16. Nbd4 Ncxd4 17. Nxd4 Nxd4 18. cxd4 c5 19. dxc5 Bxc5 20.
Qg3 Qd7 21. Bb3 Be6 22. Rac1 Be7 23. Qf4 Rac8 24. Rcd1 Bf8 25. Rd4 Qe7 26.
Bg5 Qc5 27. Red1 Be7 28. h3 Bxg5 29. Qxg5 Rcd8 30. Qh6 Qf8 31. Qxf8+ Kxf8
32. Bxd5 Rxd5 33. Rxd5 Bxd5 34. Rxd5 Rc8 35. Rd2 Ke7 36. f4 h5 37. Kf2 Rc4
38. Kf3 a5 39. g4 hxg4+ 40. Kxg4 a4 41. Kg5 a3 42. h4 Rc1 43. Kg4 Rg1+ 44.
Kf3 Rh1 45. bxa3 Rh3+ 46. Kg4 Rxa3 47. f5 gxf5+ 48. Kxf5 Rh3 49. Kg4 Re3
50. Kf4 Rh3 51. Kg4 Re3 52. Rd5 Re2 53. a3 Re3 54. h5 Rxa3 55. Rxb5 Ra1 56.
Rb3 Rh1 57. Rh3 Rg1+ 58. Kf4 Rf1+ 59. Kg4 Rg1+ 60. Rg3 Rh1 61. Kg5 Kf8 62.
Kh6 Ke7 63. Rf3 Ke6 64. Rf4 Kxe5 65. Rxf7 Ke6 66. Rf2 Ke7 67. Kg6 Rg1+ 68.
Kh7 Rh1 69. h6 Rg1 70. Kh8 Rh1 71. h7 Rg1 72. Re2+ Kf7 73. Rf2+ Ke7 1/2-1/2

[Event "Gibtelecom Masters"]
[Site "Gibraltar ENG"]
[Date "2006.01.30"]
[Round "7"]
[White "Ganguly,S"]
[Black "Mohota,N"]
[Result "1-0"]
[WhiteElo "2579"]
[BlackElo "2318"]
[EventDate "2006.01.24"]

1. e4 d5 2. exd5 Qxd5 3. Nc3 Qa5 4. d4 c6 5. Nf3 Nf6 6. Bd2 Bf5 7. Bc4 Qc7
8. Qe2 e6 9. O-O-O Nbd7 10. Nh4 Bg6 11. Nxg6 hxg6 12. h4 O-O-O 13. Bg5 Nb6
14. Bb3 Nbd5 15. Ne4 Nxe4 16. Qxe4 Be7 17. g3 Rh5 18. Bxe7 Qxe7 19. f4 Qf6
20. Rd3 Qf5 21. Qe2 Qf6 22. Rhd1 Rhh8 23. Qd2 Rd7 24. Qf2 Kb8 25. c3 Qf5
26. Qf3 Nf6 27. Re1 Qh5 28. Qf1 Qa5 29. Re5 Qa6 30. Qf3 Qb6 31. Rd1 Qd8 32.
Bc4 Rd6 33. Bf1 Rd5 34. Bc4 Rd6 35. Bf1 Rd5 36. Qe2 Rd6 37. Bg2 Nd7 38. Re3
Qf6 39. Qc4 Qd8 40. Bf3 Nb6 41. Qb3 Nd5 42. Re5 Nb6 43. Qc2 Nd5 44. Rh1 Qf6
45. Kb1 Qd8 46. Ka1 Nb6 47. Qb3 Nd5 48. Qa3 Nb6 49. Rg5 Nd5 50. h5 gxh5 51.
Rxg7 Rd7 52. Rg5 f6 53. Rgxh5 Rxh5 54. Bxh5 Rg7 55. c4 Ne7 56. Rd1 Nf5 57.
g4 Nd6 58. Qd3 Rd7 59. Qe2 Nc8 60. g5 Rxd4 61. g6 Ne7 62. g7 Kc7 63. Re1
Rxf4 64. Qxe6 Ng8 65. Qf7+ Kb6 66. c5+ Kxc5 67. Qf8+ Qd6 68. Rc1+ 1-0

[Event "Gibtelecom Masters"]
[Site "Gibraltar ENG"]
[Date "2006.01.30"]
[Round "7"]
[White "Cramling,P"]
[Black "Borchgrevink,H"]
[Result "1-0"]
[WhiteElo "2515"]
[BlackElo "2265"]
[EventDate "2006.01.24"]

1. d4 d5 2. Nf3 c6 3. c4 e6 4. Qc2 Nf6 5. g3 dxc4 6. Qxc4 b5 7. Qb3 Bb7 8.
Bg2 Nbd7 9. O-O Qb6 10. Nc3 a6 11. a4 c5 12. axb5 cxd4 13. Na4 Qxb5 14.
Nxd4 Qxb3 15. Nxb3 Bxg2 16. Kxg2 Bb4 17. Bd2 Nd5 18. e4 Bxd2 19. exd5 Bb4
20. dxe6 fxe6 21. Nd4 Kf7 22. Nc6 a5 23. Rfd1 Nf6 24. Ne5+ Ke7 25. Nc6+ Kf7
26. Nb6 Ra6 27. Ne5+ Ke7 28. Nc6+ Kf7 29. Ne5+ Ke7 30. Rac1 Nd5 31. Nxd5+
exd5 32. Rxd5 Ke6 33. Rb5 Bd6 34. Nc4 Rha8 35. Re1+ Kf6 36. Rd1 Bf8 37. Rd4
h6 38. Nb6 Re8 39. Nd5+ 1-0

[Event "Gibtelecom Masters"]
[Site "Gibraltar ENG"]
[Date "2006.01.30"]
[Round "7"]
[White "Pavlovic,Milo"]
[Black "Nadig,K"]
[Result "1-0"]
[WhiteElo "2494"]
[BlackElo "2237"]
[EventDate "2006.01.24"]

1. e4 c5 2. Nf3 Nc6 3. c3 d5 4. exd5 Qxd5 5. d4 Bg4 6. Be2 e6 7. h3 Bh5 8.
c4 Qd8 9. d5 exd5 10. g4 Bg6 11. cxd5 Qa5+ 12. Bd2 Nb4 13. O-O O-O-O 14. a3
Nf6 15. Nc3 Nd3 16. g5 Nd7 17. Nh4 Nxb2 18. Qb3 Qb6 19. Bb5 Kb8 20. Qxb2 a6
21. Bf4+ Bd6 22. Bxd6+ Qxd6 23. Bc6 b6 24. a4 Kc7 25. Rfe1 h6 26. a5 b5 27.
Qxb5 Rb8 28. Qxa6 hxg5 29. Qa7+ Kd8 30. Nxg6 Rxh3 31. Ne5 1-0

[Event "Gibtelecom Masters"]
[Site "Gibraltar ENG"]
[Date "2006.01.30"]
[Round "7"]
[White "Houska,Jo"]
[Black "McNab,C"]
[Result "1/2-1/2"]
[WhiteElo "2355"]
[BlackElo "2456"]
[EventDate "2006.01.24"]

1. e4 c5 2. Nf3 e6 3. b3 Nf6 4. e5 Nd5 5. Bb2 Nc6 6. g3 Be7 7. c4 Nc7 8.
Bg2 O-O 9. O-O d5 10. exd6 Qxd6 11. Nc3 f5 12. Nb5 Nxb5 13. cxb5 Nd4 14.
Nxd4 cxd4 15. f4 Qb6 16. Qf3 d3+ 17. Kh1 Qxb5 18. Rac1 Bd7 19. Qxb7 Qxb7
20. Bxb7 Rab8 21. Bc6 Rfd8 22. Be5 Rb6 23. Bg2 Bd6 24. Bd4 Ra6 25. a4 Bb4
26. Rc4 Bxd2 27. Rd1 Ba5 28. Bc3 Bxc3 29. Rxc3 Be8 30. Rcxd3 Rxd3 31. Rxd3
Rb6 32. Kg1 Kf7 33. Kf2 Kf6 34. Ke3 e5 35. fxe5+ 1/2-1/2

[Event "Gibtelecom Masters"]
[Site "Gibraltar ENG"]
[Date "2006.01.30"]
[Round "7"]
[White "Ashton,A"]
[Black "Zhukova,N"]
[Result "1/2-1/2"]
[WhiteElo "2321"]
[BlackElo "2432"]
[EventDate "2006.01.24"]

1. e4 e6 2. d4 d5 3. Nc3 Bb4 4. e5 c5 5. Bd2 Ne7 6. Nb5 Bxd2+ 7. Qxd2 O-O
8. f4 Nbc6 9. Nf3 a6 10. Nd6 Nxd4 11. Nxd4 cxd4 12. Bd3 Qb6 13. O-O-O Bd7
14. Qf2 f6 15. Qh4 Nf5 16. Nxf5 exf5 17. exf6 Rxf6 18. Rhe1 Bb5 19. Re5
Bxd3 20. Rxd3 Rc8 21. Qe1 Rff8 22. Qf2 Rfe8 23. Qxd4 Qxd4 24. Rxe8+ Rxe8
25. Rxd4 1/2-1/2

[Event "Gibtelecom Masters"]
[Site "Gibraltar ENG"]
[Date "2006.01.30"]
[Round "7"]
[White "Kobese,W"]
[Black "Gomes,M"]
[Result "1-0"]
[WhiteElo "2397"]
[BlackElo "2231"]
[EventDate "2006.01.24"]

1. e4 c5 2. Nf3 d6 3. d4 cxd4 4. Nxd4 Nf6 5. Nc3 a6 6. Bc4 e6 7. Bb3 b5 8.
Be3 Bb7 9. f4 Nbd7 10. O-O Be7 11. Bxe6 fxe6 12. Nxe6 Qc8 13. Nxg7+ Kf7 14.
Nf5 Qc6 15. Nd5 Bf8 16. Nd4 Qc8 17. Qf3 Rg8 18. c4 bxc4 19. Rac1 Bxd5 20.
exd5 Qc5 21. Ne6 Qxd5 22. Ng5+ Kg7 23. Qh3 Re8 24. Rcd1 Rxe3 25. Qxe3 Qc6
26. Qe6 h6 27. Rf3 Kh8 28. Rh3 Qc5+ 29. Kh1 Rxg5 30. fxg5 Qxg5 31. Rf1 Bg7
32. Rg3 Qe5 33. Qf7 Nh5 34. Rxg7 Nxg7 35. Qxd7 d5 36. Rd1 Qxb2 37. Qxd5 c3
38. Qa8+ Kh7 39. Qe4+ Kg8 40. Rd8+ Kf7 41. Rd7+ Kg8 42. Qd5+ 1-0

[Event "Gibtelecom Masters"]
[Site "Gibraltar ENG"]
[Date "2006.01.30"]
[Round "7"]
[White "El Amari,K"]
[Black "Cmilyte,V"]
[Result "0-1"]
[WhiteElo "2137"]
[BlackElo "2475"]
[EventDate "2006.01.24"]

1. b3 c5 2. Bb2 b6 3. e3 Bb7 4. Nf3 Nf6 5. Be2 d6 6. d4 cxd4 7. exd4 e6 8.
O-O Be7 9. c4 O-O 10. Nbd2 Nbd7 11. Re1 Re8 12. Rc1 Rc8 13. Bd3 Rc7 14. Qc2
h6 15. Re2 Nd5 16. Qb1 Nb4 17. Re3 Nxd3 18. Qxd3 d5 19. Qb1 Bd6 20. g3 Nf6
21. Ne5 dxc4 22. bxc4 Qa8 23. f3 Rd8 24. Rf1 Ba6 25. Rc1 Qc8 26. Qc2 Nd5
27. Ree1 Bxe5 28. Rxe5 Bxc4 29. Nxc4 b5 30. Ree1 Rxc4 31. Qe2 Qa6 32. Rxc4
bxc4 33. Rc1 Rc8 34. Bc3 Qa3 35. Qd2 h5 36. Rc2 Rb8 37. Qc1 Qa4 38. h4 Nxc3
39. Rxc3 Qxa2 40. Rc2 Rb1 41. Rxa2 Rxc1+ 42. Kf2 c3 43. Ke3 c2 44. Kd3 Rf1
0-1

[Event "Gibtelecom Masters"]
[Site "Gibraltar ENG"]
[Date "2006.01.30"]
[Round "7"]
[White "Flores Chico,J"]
[Black "Lagowski,P"]
[Result "0-1"]
[WhiteElo "2136"]
[BlackElo "2393"]
[EventDate "2006.01.24"]

1. d4 d5 2. Nc3 c5 3. e4 dxe4 4. d5 Nf6 5. Bg5 Nbd7 6. Qd2 h6 7. Bf4 a6 8.
O-O-O g5 9. Bg3 Bg7 10. f3 Qb6 11. Bc4 Nh5 12. Bf2 Qf6 13. d6 e6 14. fxe4
b5 15. e5 Qxe5 16. Bd5 Rb8 17. Re1 Qf6 18. Nge2 b4 19. Nd1 O-O 20. Bf3 Qg6
21. g4 Nhf6 22. Ng3 Bb7 23. Bxb7 Rxb7 24. Ne3 Nb6 25. Nef5 exf5 26. Nxf5
Nfd5 27. Bxc5 Bxb2+ 28. Kb1 Nc3+ 29. Kxb2 Nc4+ 30. Kc1 Nxd2 31. Kxd2 Na4
32. Bd4 Rd7 33. h4 Rxd6 34. Ne7+ Kh7 35. Nxg6 Kxg6 36. h5+ Kh7 37. Kd3 Rfd8
38. c3 0-1

[Event "Gibtelecom Masters"]
[Site "Gibraltar ENG"]
[Date "2006.01.30"]
[Round "7"]
[White "Bakker,S"]
[Black "Schramm,B"]
[Result "1-0"]
[WhiteElo "2308"]
[BlackElo "2126"]
[EventDate "2006.01.24"]

1. d4 Nf6 2. c4 e6 3. Nc3 Bb4 4. e3 b6 5. Nge2 c5 6. a3 Ba5 7. Rb1 Qe7 8.
Bd2 O-O 9. Ng3 Bb7 10. Bd3 Bxg2 11. Rg1 Bb7 12. b4 cxb4 13. axb4 Bxb4 14.
Rxb4 Qxb4 15. Nd5 Qxd2+ 16. Kxd2 exd5 17. Nh5 Nxh5 18. Qxh5 g6 19. f4 dxc4
20. f5 cxd3 21. Qh6 1-0

[Event "Gibtelecom Masters"]
[Site "Gibraltar ENG"]
[Date "2006.01.30"]
[Round "7"]
[White "Swathi,G"]
[Black "Mohamed,MA"]
[Result "1-0"]
[WhiteElo "2244"]
[BlackElo "2107"]
[EventDate "2006.01.24"]

1. e4 c5 2. Nf3 d6 3. d4 cxd4 4. Nxd4 Nf6 5. Nc3 g6 6. Be3 Bg7 7. f3 O-O 8.
Qd2 Nc6 9. Bc4 Bd7 10. O-O-O Ne5 11. Bb3 Qa5 12. Kb1 Rfc8 13. Bg5 Nc4 14.
Bxc4 Rxc4 15. Bxf6 exf6 16. Nb3 Qh5 17. Qxd6 Be6 18. Nd5 Qg5 19. g4 Bf8 20.
Qf4 Qxf4 21. Nxf4 Rac8 22. Nd4 Bh6 23. Nfxe6 fxe6 24. c3 Re8 25. Ne2 Rc7
26. Rd3 Kf7 27. h4 Bg7 28. Rhd1 Ke7 29. Kc2 Rec8 30. Rd6 Bf8 31. g5 Kf7 32.
Rd7+ Be7 33. Nf4 a6 34. a4 b5 35. axb5 axb5 36. Kb3 Rxd7 37. Rxd7 fxg5 38.
hxg5 Rc5 39. Nh3 e5 40. Rb7 Ke6 41. Kc2 Rc8 42. Rb6+ Bd6 43. Kd3 b4 44.
cxb4 Rc1 45. Rb7 Be7 46. f4 Rf1 47. Ke3 exf4+ 48. Nxf4+ Kd6 49. e5+ Kxe5
50. Rxe7+ Kf5 51. Rf7+ Kg4 52. Nxg6 Rh1 53. Nf8 Kxg5 54. Rxh7 Re1+ 55. Kd4
Re8 56. Nd7 Kg6 57. Rh2 Rd8 58. Kc5 Rxd7 59. Rf2 Rd8 60. b5 1-0

[Event "Gibtelecom Masters"]
[Site "Gibraltar ENG"]
[Date "2006.01.30"]
[Round "7"]
[White "Tscharotschkin,M"]
[Black "Fox,An"]
[Result "1/2-1/2"]
[WhiteElo "2227"]
[BlackElo "2104"]
[EventDate "2006.01.24"]

1. e4 e5 2. Nf3 Nc6 3. Bb5 a6 4. Bxc6 dxc6 5. O-O f6 6. d3 Bg4 7. h3 Bh5 8.
Be3 Bd6 9. Nbd2 Ne7 10. c4 b6 11. Qa4 O-O 12. g4 Bf7 13. Nh4 c5 14. Qc2 Qd7
15. Ndf3 Rad8 16. Kh1 Be6 17. Rg1 Nc6 18. a3 a5 19. Raf1 Be7 20. Ne1 Kh8
21. Rg3 g6 22. Rfg1 Rf7 23. Qe2 Nd4 24. Bxd4 Qxd4 25. Nhf3 Qd6 26. Qe3 Rg8
27. Ng2 g5 28. h4 h6 29. Nge1 Rh7 30. h5 1/2-1/2

[Event "Gibtelecom Masters"]
[Site "Gibraltar ENG"]
[Date "2006.01.30"]
[Round "7"]
[White "Walton,A"]
[Black "Pannekoek,W"]
[Result "1-0"]
[WhiteElo "2197"]
[BlackElo "2083"]
[EventDate "2006.01.24"]

1. d4 f5 2. Bg5 g6 3. Nd2 Bg7 4. e3 Nf6 5. h4 O-O 6. Bd3 Nc6 7. c3 d6 8.
Ne2 Nh5 9. Qb3+ Kh8 10. Ng3 Nxg3 11. fxg3 Qe8 12. h5 e5 13. O-O-O e4 14.
Be2 a5 15. Rdf1 a4 16. Qd1 Na5 17. g4 d5 18. gxf5 gxf5 19. g4 fxg4 20. h6
1-0

[Event "Gibtelecom Masters"]
[Site "Gibraltar ENG"]
[Date "2006.01.30"]
[Round "7"]
[White "Vea,O"]
[Black "Dunn,An1"]
[Result "1-0"]
[WhiteElo "2099"]
[BlackElo "2188"]
[EventDate "2006.01.24"]

1. e4 c6 2. Nf3 d5 3. exd5 cxd5 4. Ne5 Nf6 5. d4 e6 6. c3 Nc6 7. Bd3 Nxe5
8. dxe5 Nd7 9. Qe2 Qc7 10. Bf4 Nc5 11. Bc2 b6 12. Na3 Ba6 13. Nb5 Bxb5 14.
Qxb5+ Qd7 15. Qe2 Be7 16. O-O O-O 17. Rfd1 f5 18. exf6 Bxf6 19. Be5 Bxe5
20. Qxe5 Qf7 21. Rd2 Qf6 22. Re2 Rac8 23. Rae1 Qxe5 24. Rxe5 Rf6 25. R1e3
Kf7 26. Re2 b5 27. g3 g6 28. f4 Nd7 29. R5e3 Ke7 30. Kg2 Kd6 31. Re1 Nb6
32. Bd1 Nc4 33. R3e2 Re8 34. b3 Na5 35. Re3 Nc6 36. Be2 a6 37. b4 Kc7 38.
a4 bxa4 39. Ra1 d4 40. cxd4 Rd8 41. Rc3 Kb7 42. Bf3 Rd5 43. Bxd5 exd5 44.
Rxa4 Nxd4 45. Rd3 Nf5 46. Kf3 Ne7 47. Ra5 Rd6 48. b5 axb5 49. Rxb5+ Kc7 50.
Rc3+ Nc6 51. g4 h5 52. gxh5 gxh5 53. Rc1 1-0

[Event "Gibtelecom Masters"]
[Site "Gibraltar ENG"]
[Date "2006.01.30"]
[Round "7"]
[White "Spence,D"]
[Black "Cannon,Ri"]
[Result "1-0"]
[WhiteElo "2221"]
[BlackElo "2087"]
[EventDate "2006.01.24"]

1. e4 e6 2. Nf3 d5 3. Nc3 dxe4 4. Nxe4 Nd7 5. d4 Ngf6 6. Nxf6+ Nxf6 7. Bd3
c5 8. dxc5 Bxc5 9. O-O h6 10. Ne5 O-O 11. c3 Qd5 12. Qe2 Bd6 13. Bf4 Bxe5
14. Bxe5 Nd7 15. Bg3 Nf6 16. Rfd1 Qh5 17. Qxh5 Nxh5 18. Bd6 Rd8 19. Be2 Nf6
20. Bf3 Rd7 21. Be5 Kf8 22. c4 a5 23. b3 Rxd1+ 24. Rxd1 Ne8 25. Bb2 Nc7 26.
Rd8+ Ke7 27. Rg8 g6 28. Ba3+ Kd7 29. Rf8 f5 30. Rf7+ Kd8 31. Bd6 Ne8 32.
Be7+ Kc7 33. Bg5+ Kd6 34. Bxh6 Kc5 35. Bf8+ Kd4 36. c5 a4 37. bxa4 Rxa4 38.
Re7 Rxa2 39. g3 Nf6 40. Bg7 Kxc5 41. Bxf6 Kd6 42. Bxb7 Bd7 43. Rg7 e5 44.
Bxe5+ Ke6 45. f4 Be8 46. Rg8 Bf7 47. Ra8 Rc2 48. Ra6+ Ke7 49. Rc6 Rd2 50.
Rc7+ Kf8 51. Bc3 Re2 52. Bb4+ Kg8 53. Rc8+ Kh7 54. Bc3 g5 55. Rh8+ Kg6 56.
Bf3 1-0

[Event "Gibtelecom Masters"]
[Site "Gibraltar ENG"]
[Date "2006.01.30"]
[Round "7"]
[White "Straub,P"]
[Black "Thipsay,B"]
[Result "0-1"]
[WhiteElo "2086"]
[BlackElo "2219"]
[EventDate "2006.01.24"]

1. e4 e5 2. Nf3 Nc6 3. Bb5 f5 4. d4 fxe4 5. Nxe5 Nxe5 6. dxe5 c6 7. Bc4
Qa5+ 8. Nc3 Qxe5 9. Bxg8 Rxg8 10. Be3 d5 11. O-O Be6 12. f4 Qc7 13. f5 Bf7
14. Bf4 Qb6+ 15. Kh1 O-O-O 16. Rb1 Be7 17. b4 Bf6 18. Qe1 Qd4 19. Rb3 Qc4
20. Rf2 Rge8 21. Nd1 d4 22. Nb2 Qa6 23. Rh3 Qxa2 24. Nd1 e3 0-1

[Event "Gibtelecom Masters"]
[Site "Gibraltar ENG"]
[Date "2006.01.30"]
[Round "7"]
[White "Coimbra,M"]
[Black "Smith,AP"]
[Result "1-0"]
[WhiteElo "2083"]
[BlackElo "2200"]
[EventDate "2006.01.24"]

1. e4 c5 2. Nc3 Nc6 3. g3 d6 4. d3 h5 5. Nf3 g6 6. Bg2 Bg7 7. Be3 Nd4 8. h3
Nxf3+ 9. Bxf3 Nf6 10. Qd2 Rb8 11. d4 Nd7 12. dxc5 Nxc5 13. Bxc5 dxc5 14.
Qxd8+ Kxd8 15. O-O-O+ Bd7 16. Be2 a6 17. Nd5 b5 18. f4 e6 19. Ne3 Kc7 20.
Rhf1 Bd4 21. Ng2 Bc6 22. Bf3 Rbd8 23. c3 Bg7 24. e5 Rxd1+ 25. Kxd1 Bxf3+
26. Rxf3 Rd8+ 27. Ke2 c4 28. Rf1 Kc6 29. Ne3 Bf8 30. b3 Rd3 31. bxc4 bxc4
32. Nxc4 Rxg3 33. Rf3 Rg2+ 34. Rf2 Rxf2+ 35. Kxf2 Kd5 36. Nd2 Ba3 37. Ke2
Be7 38. Kd3 a5 39. Ne4 a4 40. c4+ Kc6 41. Ng5 Ba3 42. Nxf7 Bc1 43. Ke4 Kc5
44. Nd8 Kxc4 45. Nxe6 Ba3 46. Nc7 Bf8 47. Nd5 Kc5 48. Nc3 a3 49. Nb1 Kc6
50. Nd2 Kd7 51. Nf3 Kc6 52. Nh4 1-0

[Event "Gibtelecom Masters"]
[Site "Gibraltar ENG"]
[Date "2006.01.30"]
[Round "7"]
[White "Osuna Vega,E"]
[Black "Helin,M"]
[Result "1-0"]
[WhiteElo "2192"]
[BlackElo "1970"]
[EventDate "2006.01.24"]

1. d4 Nf6 2. Nf3 c5 3. c3 e6 4. g3 Nc6 5. Bg2 Qc7 6. O-O Ne7 7. Na3 Ng6 8.
Qd3 d5 9. c4 a6 10. dxc5 h5 11. b4 Bd7 12. Bb2 h4 13. Bxf6 gxf6 14. cxd5
exd5 15. Qxd5 hxg3 16. hxg3 Be6 17. Qd4 Be7 18. Rfd1 Rd8 19. Qe3 Kf8 20.
Rxd8+ Qxd8 21. Nd4 Bd5 22. Rd1 Qd7 23. Ndc2 Bxg2 24. Rxd7 Bc6 25. f3 Bxd7
26. Nd4 Ne5 27. Qe4 Rh5 28. Qxb7 a5 29. c6 Bh3 30. c7 axb4 31. g4 Nxg4 32.
c8=Q+ Kg7 33. Qxe7 Ne5 34. Qef8+ 1-0

[Event "Gibtelecom Masters"]
[Site "Gibraltar ENG"]
[Date "2006.01.30"]
[Round "7"]
[White "Groffen,H"]
[Black "Reppen,E"]
[Result "1-0"]
[WhiteElo "2185"]
[BlackElo "1851"]
[EventDate "2006.01.24"]

1. d4 d5 2. c4 e6 3. Nc3 Nf6 4. cxd5 exd5 5. Bg5 c6 6. e3 Bf5 7. Qf3 Bg6 8.
Bxf6 Qxf6 9. Qxf6 gxf6 10. O-O-O Bd6 11. g3 O-O 12. Bh3 Re8 13. Nf3 Na6 14.
Nh4 Nc7 15. Bf5 Re7 16. g4 Ne6 17. Ne2 Ng7 18. Ng3 Rae8 19. Rd3 Bxg3 20.
hxg3 Ne6 21. Kd2 Ng5 22. f3 Kg7 23. Ke2 Rc7 24. Rc1 Rh8 25. b4 h5 26. Bxg6
fxg6 27. gxh5 Rxh5 28. b5 Nf7 29. bxc6 bxc6 30. Rdc3 g5 31. Ng2 Nd8 32. Rb1
Nf7 33. Rb8 Nd6 34. Rd8 Nc4 35. e4 Rh2 36. Kf2 Rb7 37. Rb3 Rxb3 38. axb3
Nd2 39. exd5 cxd5 40. b4 Rh8 41. Rd7+ Kg6 42. g4 Rb8 43. Ne3 Rxb4 44. Nf5
1-0

[Event "Gibtelecom Masters"]
[Site "Gibraltar ENG"]
[Date "2006.01.30"]
[Round "7"]
[White "Hickman,J"]
[Black "Hutchinson,N"]
[Result "0-1"]
[WhiteElo "2082"]
[BlackElo "2118"]
[EventDate "2006.01.24"]

1. e4 c6 2. d3 d5 3. Nd2 e5 4. Ngf3 Nd7 5. d4 dxe4 6. Nxe4 Ngf6 7. Nxf6+
Qxf6 8. Bg5 Qe6 9. Be2 e4 10. Nd2 Qg6 11. h4 h6 12. Bh5 Qf5 13. Bg4 Qg6 14.
Bh5 Qh7 15. Be3 Nf6 16. Be2 Qg6 17. Rg1 Nd5 18. Nc4 Qf6 19. Qd2 Qxh4 20.
O-O-O Be6 21. Ne5 Nxe3 22. fxe3 Bd6 23. Nc4 Be7 24. Rdf1 Qg3 25. Rf4 Bd5
26. Ne5 Bg5 27. Rgf1 Bxf4 28. Rxf4 g5 29. Rf6 Ke7 30. Ng4 a5 31. Qc3 Be6
32. Qc5+ Qd6 33. Qb6 h5 34. Nf2 Qb4 35. Qc7+ Kxf6 36. Nxe4+ Kg6 37. Qg3 Qe7
38. Nd6 h4 39. Bd3+ Kg7 40. Qe5+ Qf6 0-1

[Event "Gibtelecom Masters"]
[Site "Gibraltar ENG"]
[Date "2006.01.30"]
[Round "7"]
[White "Stock,T"]
[Black "Rautanen,S"]
[Result "1-0"]
[WhiteElo "2083"]
[BlackElo "1929"]
[EventDate "2006.01.24"]

1. d4 d6 2. c4 e5 3. Nf3 e4 4. Nfd2 f5 5. e3 Nf6 6. Nc3 c6 7. b4 Be7 8. d5
cxd5 9. cxd5 O-O 10. Bb2 Nbd7 11. Be2 Ne5 12. O-O Ne8 13. f4 exf3 14. Nxf3
Nxf3+ 15. Rxf3 Qb6 16. Nb5 Bf6 17. Bd4 Bxd4 18. Qxd4 Qxd4 19. Nxd4 Nc7 20.
Raf1 Bd7 21. Nxf5 Bxf5 22. Rxf5 Rae8 23. Rxf8+ Rxf8 24. Rf4 Rxf4 25. exf4
Kf8 26. Bc4 Ke7 27. Kf2 Kf6 28. h4 h5 29. a3 Ne8 30. Kf3 g6 31. g4 hxg4+
32. Kxg4 Ng7 33. Bd3 Ne8 34. f5 gxf5+ 35. Bxf5 Kg7 36. Kg5 Nf6 37. Be6 Ne4+
38. Kf5 Nc3 39. Bc8 b6 40. Ke6 Ne4 41. Ba6 Kh6 42. Bd3 Nf2 43. Bc2 a5 44.
Kxd6 axb4 45. axb4 Ng4 46. Kc6 Ne3 47. Bb3 Nf5 48. Kxb6 1-0

[Event "Gibtelecom Masters"]
[Site "Gibraltar ENG"]
[Date "2006.01.30"]
[Round "7"]
[White "Elamri,L"]
[Black "Cafolla,P"]
[Result "1/2-1/2"]
[WhiteElo "1921"]
[BlackElo "2080"]
[EventDate "2006.01.24"]

1. e4 c5 2. Nc3 e6 3. g3 d5 4. d3 d4 5. Nce2 g6 6. Bg2 Bg7 7. Bd2 Nc6 8.
Qc1 Bd7 9. Nh3 h6 10. f4 f5 11. e5 Nge7 12. Nhg1 Qc7 13. a3 Rc8 14. Nf3 Nd5
15. Nh4 Nde7 16. Nf3 O-O 17. O-O Rfd8 18. Be1 b6 19. Nd2 Bf8 20. h3 Be8 21.
Nc4 Nd5 22. Bf2 b5 23. Nd2 Nce7 24. Nf3 a5 25. Qd2 Nc6 26. Kh1 Be7 27. g4
Kh7 28. gxf5 gxf5 29. Kh2 Rd7 30. Rg1 Bd8 31. Bh1 Rg7 32. Rxg7+ Qxg7 33.
Rg1 Qf7 34. Bh4 Ne3 35. Bxd8 Rxd8 36. c3 Nd5 37. cxd4 cxd4 38. Nfxd4 Nxd4
39. Nxd4 b4 40. Bxd5 Rxd5 41. Qe3 bxa3 42. bxa3 a4 43. Nc2 Bb5 44. Nb4 Rd8
45. Qb6 Qd7 46. Rc1 Qd4 47. Qxd4 Rxd4 48. Kg3 Kg6 49. Rc3 Kh5 50. Rc1 Rd7
51. Rg1 Rc7 52. Na2 Bxd3 53. Rc1 Rxc1 54. Nxc1 Bc4 55. h4 Kg6 56. Kf2 Kh5
57. Kg3 Kg6 58. Kf2 1/2-1/2

[Event "Gibtelecom Masters"]
[Site "Gibraltar ENG"]
[Date "2006.01.30"]
[Round "7"]
[White "Obers,F"]
[Black "Gonzalez Amaya,M"]
[Result "1-0"]
[WhiteElo "2080"]
[BlackElo "1892"]
[EventDate "2006.01.24"]

1. d4 Nf6 2. c4 g6 3. Nc3 d5 4. Nf3 Bg7 5. cxd5 Nxd5 6. e4 Nxc3 7. bxc3 O-O
8. Be3 c5 9. Qd2 Qa5 10. Rc1 cxd4 11. cxd4 Qxd2+ 12. Kxd2 b6 13. Rc7 e6 14.
Bd3 Na6 15. Rxc8 Rfxc8 16. Bxa6 Rd8 17. Rc1 Rd7 18. a4 Rad8 19. Rc4 h6 20.
h4 Kf8 21. e5 Kg8 22. Kc3 Kf8 23. Bc1 Kg8 24. g3 Bf8 25. Nd2 Kg7 26. Ne4
Be7 27. Be3 Rd5 28. Bb5 a5 29. Rc7 Bb4+ 30. Kc4 Ra8 31. Bc6 Rad8 32. Nf6
Bd6 33. exd6 Kxf6 34. Bxd5 exd5+ 35. Kxd5 b5 36. axb5 a4 37. Ra7 Rb8 1-0

[Event "Gibtelecom Masters"]
[Site "Gibraltar ENG"]
[Date "2006.01.30"]
[Round "7"]
[White "Sbia,B"]
[Black "Phillips,G"]
[Result "1-0"]
[WhiteElo "1989"]
[BlackElo "1790"]
[EventDate "2006.01.24"]

1. e4 c5 2. Nf3 d6 3. d4 cxd4 4. Nxd4 Nf6 5. Nc3 a6 6. a4 Nc6 7. Be2 e6 8.
O-O Qb6 9. Nb3 Be7 10. a5 Qc7 11. Be3 O-O 12. Bb6 Qd7 13. f4 Bd8 14. Be3
Rb8 15. Qd2 b5 16. axb6 Bxb6 17. Bxb6 Rxb6 18. Qe3 Qa7 19. Rfd1 Ne8 20. Na4
Rb7 21. Qxa7 Rxa7 22. Nb6 Rc7 23. Nxc8 Rxc8 24. Bxa6 1-0